Final Fantasy XIV - Black Mage Abilities Quiz Stats

 Plays Quiz not verified by Sporcle

Challenge
Share
Tweet
Embed
Score 0/27 Timer 10:00
0 Plays Today
Level Ability % Correct
Level 2Fire
99.7%
Level 1Blizzard
99.1%
Level 18Fire II
98.5%
Level 12Blizzard II
98.2%
Level 34Fire III
98.2%
Level 60Fire IV
97.6%
Level 58Blizzard IV
97.3%
Level 6Thunder
96.7%
Level 50Flare
95%
Level 70Foul
94.4%
Level 66Triplecast
94.4%
Level 64Thunder IV
94.4%
Level 26Thunder II
92.3%
Level 52Ley Lines
91.4%
Level Ability % Correct
Level 56Enochian
91.1%
Level 4Transpose
89.3%
Limit BreakMeteor
88.5%
Level 45Thunder III
84.9%
Level 15Scathe
83.7%
Level 62Between the Lines
83.3%
Level 30Manaward
82.8%
Level 35Freeze
82.5%
Level 54Sharpcast
79.6%
Level 50Aetherial Manipulation
78.1%
Level 10Sleep
77.8%
Level 30Convert
75.4%
Level 40Blizzard III
66.6%

You're not logged in!

Compare scores with friends on all Sporcle quizzes.
Join for Free
OR
Log In

You Might Also Like...

Show Comments

Extras

Top Quizzes Today


Score Distribution

Your Account Isn't Verified!

In order to create a playlist on Sporcle, you need to verify the email address you used during registration. Go to your Sporcle Settings to finish the process.

Report this User

Report this user for behavior that violates our Community Guidelines.

Details: